Statistics for Association Football Players by Club History

Click here to take the quiz!

General Stats

  • This quiz has been taken 25 times
  • The average score is 13 of 20

Answer Stats

Clubs Player % Correct
Sporting, Manchester United, Real MadridCristiano Ronaldo
100%
Atletico Madrid, Liverpool, Chelsea, Milan, Atletico MadridFernando Torres
96%
Everton, Manchester United, EvertonWayne Rooney
92%
Santos, Barcelona, Paris St-GermainNeymar, Jr
92%
West Ham United, Swansea City, Chelsea, Manchester City, New York City FCFrank Lampard
79%
Boulogne, Caen, Leicester City, ChelseaN'Golo Kanté
79%
Dinamo Zagreb, Zrinjski, Inter Zaprešić, Tottenham, Real MadridLuka Modrić
79%
Lanceros, River Plate, Porto, Monaco, Manchester United, Chelsea, MonacoFalcao
75%
Anderlecht, Chelsea, West Brom, Everton, Manchester UnitedRomelu Lukaku
71%
Rot Weiss Ahlen, Borussia Monchengladbach, Borussia DortmundMarco Reus
71%
Groiningen, PSV, Chelsea, Real Madrid, Bayern MunichArjen Robben
63%
Indipendiente, Atletico Madrid, Manchester CitySergio Kun Agüero
63%
Real Sociedad, Atletico MadridAntoine Griezmann
63%
VfB Stuttgart, Real Madrid, JuventusSami Khedira
63%
Real Madrid C, Valencia, Chelsea, Manchester UnitedJuan Mata
58%
Basel, Schalke 04, Sevilla, BarcelonaIvan Rakitić
54%
Genk, Chelsea, Atletico Madrid, ChelseaThibaut Courtois
50%
Lumezzane, Internazionale, Manchester City, Milan, Liverpool, Milan, NiceMario Balotelli
38%
Arsenal, Brentford, Roma, JuventusWojciech Szczęsny
33%
Manchester City, Chelsea, Bolton, LiverpoolDaniel Sturridge
25%

Score Distribution

Percentile by Number Answered

Percent of People with Each Score

Your Score History

You have not taken this quiz